000 00294nam a2200121Ia 4500
008 190216s9999||||xx |||||||||||||| ||und||
100 _aVasudeva D N
245 0 _aFundamentals Of Magnetism And Electricity
260 _bS Chand & Co
_c1988
300 _a944p
650 _aPhysics
942 _cBK
999 _c32866
_d32866